LEADER 01233nam--2200373---450- 001 990001257700203316 005 20031112142810.0 035 $a000125770 035 $aUSA01000125770 035 $a(ALEPH)000125770USA01 035 $a000125770 100 $a20031112d1980----km-y0itay0103----ba 101 0 $aeng 102 $aUS 105 $a||||||||001yy 200 1 $aIEEE recommended practice for the design of reliable industrial and commercial power systems 210 $aNew York$cThe Institute of electrical and electronics engineerd$dcopyr. 1980 215 $a224 p.$cill.$d25 cm. 410 0$12001 454 1$12001 461 1$1001-------$12001 606 0 $aImpianti elettrici$xAffidabilità 676 $a621.310 42 712 01$aInstitute of electrical and electronic engineers 801 0$aIT$bsalbc$gISBD 912 $a990001257700203316 951 $a621.310 42 IEEE$b22780 Ing.$c621.310 42 959 $aBK 969 $aTEC 979 $aSIAV3$b10$c20031112$lUSA01$h1425 979 $aSIAV3$b10$c20031112$lUSA01$h1428 979 $aPATRY$b90$c20040406$lUSA01$h1730 996 $aIEEE recommended practice for the design of reliable industrial and commercial power systems$9986374 997 $aUNISA